Biblioteca

Matthew : (Registro nro. 65522)

Detalles MARC
000 -LÍDER
Campo fijo de descripción fija 01770nam a2200337 i 4500
001 - NÚMERO DE CONTROL
Campo de control 768714001
003 - IDENTIFICADOR DEL NÚMERO DE CONTROL
Campo de control CO-MdFUSB
005 - FECHA Y HORA DE LA ULTIMA TRANSACCIÓN
control field 20200825090542.0
007 - CAMPO FIJO DE DESCRIPCIÓN FIJA--INFORMACIÓN GENERAL
Campo fijo de descripción fija ta
008 - ELEMENTOS DE LONGITUD FIJA -- INFORMACIÓN GENERAL
Campo fijo de descripción fija -- Información general 200325t2005 -us||||| |||| 00| 0 eng d
020 ## - NÚMERO INTERNACIONAL NORMALIZADO PARA LIBROS
Número Internacional Normalizado del libro 1565639855
040 ## - FUENTE DE CATALOGACIÓN
Agencia de catalogación original CO-MdFUSB
Idioma de catalogación spa
Agencia que realiza la transcripción CO-MdFUSB
Agencia que realiza la modificación CO-MdFUSBC
Convenciones de la descripción rda
041 ## - CÓDIGO DE IDIOMA
Código de idioma para texto/pista de sonido o título separado eng
082 ## - NÚMERO DE CLASIFICACIÓN DECIMAL DEWEY
Número de la edición del Dewey 23
Número de clasificación 226.206
Clave de autor-Numero de item C325
100 ## - ASIENTO PRINCIPAL--NOMBRE PERSONAL
Nombre personal Carter, Warren
Término relacionador autor
245 1# - TÍTULO
Título del Material Matthew :
Parte restante del título - Subtitulo storyteller, interpreter, evangelist.
Mención de responsabilidad, etc. / Warren Carter
264 #1 - PRODUCCIÓN, PUBLICACIÓN, DISTRIBUCIÓN, MANUFACTURA, Y COPYRIGHT
Lugar de producción, publicación, distribución, manufactura Estados Unidos :
Nombre del productor, publicador, distribuidor Baker Academic,
Fecha de producción, publicación, distribución, manufactura, o copyright [2005]
264 #4 - PRODUCCIÓN, PUBLICACIÓN, DISTRIBUCIÓN, MANUFACTURA, Y COPYRIGHT
Fecha de producción, publicación, distribución, manufactura, o copyright © 2005
300 ## - DESCRIPCIÓN FÍSICA
Extensión 322 páginas
Dimensiones ; 22 cm
336 ## - TIPO DE CONTENIDO
Fuente rdacontent
Término de tipo de contenido texto
Código de tipo de contenido txt
337 ## - TIPO DE MEDIO
Fuente rdamedia
Nombre del tipo de medio sin mediación
Código del tipo de medio n
338 ## - TIPO DE SOPORTE
Fuente rdacarrier
Nombre del tipo de soporte volumen
Código Tipo de soporte nc
500 ## - NOTA GENERAL
Nota General Colección Dawn Christina Harrell
505 ## - NOTA DE CONTENIDO
Nota de contenido con formato preestablecido Comprender el evangelio de Mateo. -- Un paso intercultural. -- Reconocer el género del Evangelio. -- Las tradiciones religiosas de la audiencia. -- Las experiencias sociales y religiosas de la audiencia: parte 1. -- Las experiencias sociales y religiosas de la audiencia: parte 2.-- Competente para leer: utilizando convenciones narrativas. -- La audiencia y el punto de vista de<br/>Dios - Manteniendo el punto de vista de Dios. -- Dando forma a la trama de Mateo. -- La trama de Mateo: granos y satélites. -- Configuraciones en el evangelio de Mateo. -- Personajes: Jesús-Agente de la presencia salvadora de Dios. -- Personajes: Jesús crucificado y resucitado. -- Personajes: las autoridades-opositores de la voluntad de Dios. -- Personajes: los Discípulos -<br/>Conclusión: el contenido del evangelio de Mateo.
563 ## - NOTA DE ENCUADERNACIÓN
Nota de encuadernación Rústico
630 07 - TITULO UNIFORME
Título uniforme Biblia
Subdivisión de materia general Crítica, interpretación, etc.
630 07 - TITULO UNIFORME
Título uniforme Biblia.
Subdivisión de forma Mateo
942 ## - TIPO DE MATERIAL (KOHA)
Tipo de Item KOHA Libros General
945 ## - INFORMACIÓN LOCAL DEL REGISTRO
Catalogador JTF-925
Existencias
Estado de Material Estado de Perdido Forma de Clasificación Estado de Dañado No para Préstamo Colección Biblioteca de Origen Biblioteca Permanente Fecha de Adquisición Forma de Adquisición Área Total de Préstamos Total de Renovaciones Signatura Topográfica Código de Barras Última vez visto Última vez Préstado Ejemplar/Existencia Fecha de Remplazo Tipo de Material
    Dewey Decimal Classification     Colección General Biblioteca FUSBC Biblioteca FUSBC 25/03/2020 Colección Dawn Christina Harrell BIBLIA 3 3 G 226.206 C325m 21236 10/12/2025 06/11/2025 Ej. 1 25/03/2020 Libros General

Biblioteca FUSBC | Teléfono: (57+4) 349 88 10 Ext. 141| WhatsApp (+57) 3005338115 
E-mail: biblioteca@unisbc.edu.co | Calle 76 87-14 Robledo Palenque, Medellín, Colombia

Con tecnología Koha